000
00248 a2200097 4500
001
59594
090
_c
36463
_d
36463
100
_a
anne borsay
245
_a
Disability and social policy in britian since 1750
260
_a
China
_b
Palgrave
_c
2005
942
_a
NUST-CAE
_k
362.4045694 BOR
999
_c
294667
_d
294667